[Event "LSV Turm Lippstadt 1 - Bielefelder SK 1"]
[Site "NRW-Liga - Gruppe 2 2021/2022"]
[Date "2021.11.28"]
[Round "2.3"]
[White "Beilfuß, Wilfried"]
[Black "Kruse, Janik"]
[Result "1-0"]
[WhiteElo "2137"]
[BlackElo "2180"]
[PlyCount "119"]
[EventDate "2021.??.??"]
[SourceVersionDate "2020.03.16"]
[WhiteTeam "Bielefelder SK 1"]
[BlackTeam "LSV Turm Lippstadt 1"]

1. c4 e5 2. g3 Nf6 3. Bg2 d5 4. cxd5 Nxd5 5. Nf3 Nc6 6. O-O Nb6 7. Nc3 Be7 8.
b3 O-O 9. Bb2 Re8 10. d3 Bf8 11. Nd2 Nd4 12. e3 Ne6 13. Nf3 Ng5 14. Nxg5 Qxg5
15. Rc1 Bg4 16. Qc2 c6 17. h3 Bf5 18. Qe2 Rad8 19. Rfd1 h5 20. Rd2 h4 21. g4
Bc8 22. Ne4 Qg6 23. Kh2 Bb4 24. Rdd1 Nd5 25. a3 Bd6 26. Kh1 Bb8 27. b4 a6 28.
Bf3 Nf6 29. Nxf6+ Qxf6 30. Be4 Qg5 31. Qf3 Be6 32. Rd2 Ba7 33. Kh2 Bd5 34. Rcd1
Bb3 35. Rc1 g6 36. Qe2 Bd5 37. Rcd1 Bb8 38. Kh1 Re6 39. Bxd5 Rxd5 40. e4 Rd7
41. Rc2 Ba7 42. Bc1 Qd8 43. g5 Red6 44. Rc3 Bd4 45. Rb3 a5 46. bxa5 Qxa5 47.
Qc2 Qa4 48. Kg2 b5 49. Bb2 c5 50. Bxd4 Rxd4 51. Rc1 c4 52. dxc4 Rxc4 53. Rc3
Qxc2 54. R1xc2 Rxe4 55. Rc5 Re1 56. Rxb5 e4 57. f4 Rd3 58. Kf2 Rh1 59. Rc8+ Kg7
60. Rbb8 1-0

[Event "LSV Turm Lippstadt 1 - Bielefelder SK 1"]
[Site "NRW-Liga - Gruppe 2 2021/2022"]
[Date "2021.11.28"]
[Round "2.4"]
[White "Tran, Duc Cuong"]
[Black "Simon, Hans-Christian"]
[Result "1/2-1/2"]
[WhiteElo "2071"]
[BlackElo "2134"]
[PlyCount "110"]
[EventDate "2021.??.??"]
[SourceVersionDate "2020.03.16"]
[WhiteTeam "LSV Turm Lippstadt 1"]
[BlackTeam "Bielefelder SK 1"]

1. d4 Nf6 2. Nf3 d5 3. e3 c5 4. b3 Nc6 5. Bb2 Bg4 6. Nbd2 e6 7. Be2 Bd6 8. dxc5
Bxc5 9. O-O O-O 10. c4 Qe7 11. Nd4 Bxe2 12. Qxe2 Nxd4 13. exd4 Ba3 14. Bc3 b6
15. Rab1 Rac8 16. Rfd1 Rc7 17. Qd3 Rfc8 18. Re1 Bd6 19. g3 Ba3 20. Red1 Qd8 21.
Qe2 Bf8 22. Bb2 Bb4 23. Rbc1 Qd6 24. Qd3 Qe7 25. Bc3 Ba3 26. Rb1 Qd8 27. Qe2 g6
28. Qf3 Bf8 29. Qf4 Bg7 30. Bb2 Qf8 31. g4 Qb4 32. a3 Qf8 33. c5 Nd7 34. b4 e5
35. dxe5 bxc5 36. bxc5 Nxc5 37. Nf3 Ne6 38. Qe3 Rc4 39. h3 Qc5 40. Qxc5 R4xc5
41. Bd4 Ra5 42. Rb3 h5 43. gxh5 gxh5 44. Be3 Rd8 45. Kg2 d4 46. Nxd4 Rxe5 47.
Rb4 Red5 48. Nxe6 fxe6 49. Rxd5 Rxd5 50. Bxa7 Ra5 51. Rb8+ Kf7 52. Rb7+ Kg6 53.
Be3 Rxa3 54. Rb5 Bf6 55. Kf3 Ra4 1/2-1/2

[Event "LSV Turm Lippstadt 1 - Bielefelder SK 1"]
[Site "NRW-Liga - Gruppe 2 2021/2022"]
[Date "2021.11.28"]
[Round "2.5"]
[White "Goeßling, Guido"]
[Black "Kuehler, Andreas"]
[Result "1-0"]
[WhiteElo "2121"]
[BlackElo "1922"]
[PlyCount "67"]
[EventDate "2021.??.??"]
[SourceVersionDate "2020.03.16"]
[WhiteTeam "Bielefelder SK 1"]
[BlackTeam "LSV Turm Lippstadt 1"]

1. e4 e5 2. Nf3 Nc6 3. d4 exd4 4. Bc4 Nf6 5. e5 d5 6. Bb5 Ne4 7. Nxd4 Bd7 8.
Bxc6 bxc6 9. O-O Bc5 10. f3 Ng5 11. f4 Ne4 12. Be3 Bb6 13. Nd2 Nxd2 14. Qxd2 c5
15. Nf3 d4 16. Bf2 Bc6 17. Bh4 Qd7 18. h3 O-O 19. Kh2 Rfe8 20. b3 a5 21. a4 c4
22. bxc4 Bxa4 23. c3 d3 24. f5 Bc6 25. Qf4 Bc5 26. Kh1 Bxf3 27. Rxf3 d2 28. Rd1
Qc6 29. Rxd2 Bf8 30. Rg3 a4 31. Bf6 Kh8 32. Qg5 Qxf6 33. exf6 Re1+ 34. Kh2 1-0

[Event "LSV Turm Lippstadt 1 - Bielefelder SK 1"]
[Site "NRW-Liga - Gruppe 2 2021/2022"]
[Date "2021.11.28"]
[Round "2.6"]
[White "Besou, Hussain"]
[Black "Roemhild, Marcus"]
[Result "1-0"]
[WhiteElo "1948"]
[BlackElo "2031"]
[Annotator "daniel"]
[PlyCount "70"]
[EventDate "2021.??.??"]
[SourceVersionDate "2020.03.16"]
[WhiteTeam "LSV Turm Lippstadt 1"]
[BlackTeam "Bielefelder SK 1"]

1. d4 Nf6 2. c4 c5 3. d5 g6 4. Nc3 Bg7 5. e4 d6 6. h3 O-O 7. Be3 e6 8. Nf3 exd5
9. exd5 a6 10. Bd3 b5 11. cxb5 axb5 12. Bxb5 Na6 13. O-O Rb8 14. Qd2 Ne4 15.
Nxe4 Rxb5 16. Bg5 f6 17. Bf4 Rb6 18. Rfe1 Nc7 19. Rac1 Qd7 20. a4 Ne8 21. Nc3
Rb4 22. Re4 Qb7 23. Rxb4 Qxb4 24. Re1 g5 25. Bg3 Bd7 26. Re4 Qb7 27. Re7 Rf7
28. Rxf7 Kxf7 29. Ne4 Bf8 30. Qd3 h6 31. h4 Qxb2 32. Kh2 Kg7 33. Qa6 Qb4 34.
Nxd6 Qxa4 35. Nxe8+ Bxe8 {ZÜ} 1-0

[Event "LSV Turm Lippstadt 1 - Bielefelder SK 1"]
[Site "NRW-Liga - Gruppe 2 2021/2022"]
[Date "2021.11.28"]
[Round "2.7"]
[White "Danielmeier, Ralf"]
[Black "Homfeldt, Christopher"]
[Result "1-0"]
[WhiteElo "2053"]
[BlackElo "1796"]
[PlyCount "113"]
[EventDate "2021.??.??"]
[SourceVersionDate "2020.03.16"]
[WhiteTeam "Bielefelder SK 1"]
[BlackTeam "LSV Turm Lippstadt 1"]

1. e4 c5 2. Nc3 Nc6 3. g3 e6 4. Bg2 Nf6 5. Nge2 Be7 6. O-O O-O 7. h3 a6 8. f4
d5 9. d3 b5 10. Kh2 b4 11. Nb1 dxe4 12. dxe4 Bb7 13. e5 Nd5 14. c4 Nb6 15. Qc2
Qc7 16. Be3 Rfd8 17. Nd2 Rac8 18. b3 f6 19. exf6 Bxf6 20. Rae1 Nd4 21. Nxd4
cxd4 22. Bg1 Bxg2 23. Kxg2 d3 24. Qd1 Qc6+ 25. Qf3 Nd7 26. Rd1 Bc3 27. Qxc6
Rxc6 28. Rf3 Nf6 29. Re3 Rcd6 30. Kf3 Bd4 31. Ree1 Bc3 32. Re3 Bd4 33. Ree1 Bc3
34. Bf2 Re8 35. Re3 Red8 36. g4 Bd4 37. Rxd3 Bxf2 38. Rxd6 Rxd6 39. Kxf2 Ne4+
40. Ke3 Nc3 41. Ra1 Kf7 42. Ne4 Nxe4 43. Kxe4 Rd2 44. a3 Rb2 45. axb4 Rxb3 46.
Ra4 Ke7 47. h4 Kd7 48. Rxa6 Rxb4 49. Kd4 Rb7 50. h5 Rc7 51. g5 Ke7 52. Ra8 Kd6
53. Rh8 Rf7 54. Ke4 g6 55. hxg6 hxg6 56. Rd8+ Kc5 57. Rg8 1-0

[Event "LSV Turm Lippstadt 1 - Bielefelder SK 1"]
[Site "NRW-Liga - Gruppe 2 2021/2022"]
[Date "2021.11.28"]
[Round "2.8"]
[White "Laurenz, Waldemar"]
[Black "Doering, Carsten"]
[Result "1/2-1/2"]
[WhiteElo "1931"]
[BlackElo "1979"]
[PlyCount "36"]
[EventDate "2021.??.??"]
[SourceVersionDate "2020.03.16"]
[WhiteTeam "LSV Turm Lippstadt 1"]
[BlackTeam "Bielefelder SK 1"]

1. Nf3 c5 2. c4 g6 3. Nc3 Bg7 4. e3 Nc6 5. d4 cxd4 6. exd4 d6 7. Be2 Nf6 8. O-O
O-O 9. h3 e5 10. dxe5 dxe5 11. Be3 Qc7 12. Bg5 Be6 13. Nd5 Bxd5 14. cxd5 Nd4
15. Nxd4 exd4 16. Bf3 Qe5 17. Bxf6 Qxf6 18. Qd3 Qd6 1/2-1/2

[Event "Krefelder SK Turm 1 - SG Solingen 3"]
[Site "NRW-Liga - Gruppe 2 2021/2022"]
[Date "2021.11.28"]
[Round "2.1"]
[White "Hobusch, Jan"]
[Black "Gutkin, Ilya"]
[Result "0-1"]
[WhiteElo "2211"]
[BlackElo "2237"]
[PlyCount "130"]
[EventDate "2021.??.??"]
[SourceVersionDate "2020.03.16"]
[WhiteTeam "SG Solingen 3"]
[BlackTeam "Krefelder SK Turm 1"]

1. d4 e6 2. Bf4 Nf6 3. e3 c5 4. c3 b6 5. Nf3 Be7 6. h3 O-O 7. Nbd2 cxd4 8. cxd4
Nc6 9. a3 d6 10. Bd3 Bb7 11. O-O Qd7 12. Bh2 Rfe8 13. e4 Bf8 14. Rc1 Rac8 15.
Qe2 Red8 16. Rfe1 g6 17. Rcd1 Qe7 18. e5 dxe5 19. dxe5 Nd5 20. Ne4 Bh6 21. Bb5
Nb8 22. Nd6 Rc5 23. Nxb7 Qxb7 24. b4 Rc3 25. Qe4 Rdc8 26. Qh4 Kg7 27. Nd2 a6
28. Be2 Qe7 29. Qxe7 Nxe7 30. Nb1 Rc1 31. f4 Rxd1 32. Rxd1 Nd5 33. g3 Rc2 34.
Bf3 Nc6 35. Kh1 Nce7 36. Be4 Re2 37. Bd3 Ra2 38. Bc4 Ra1 39. Nc3 Rxd1+ 40. Nxd1
b5 41. Bxd5 Nxd5 42. h4 f6 43. exf6+ Kxf6 44. Nf2 Bg7 45. Kg2 e5 46. Kf3 exf4
47. gxf4 Kf5 48. Nd3 Bd4 49. Bg3 Be3 50. Bh2 Bd2 51. Bg3 h5 52. Bh2 Nc3 53. Nc5
Bc1 54. Nxa6 Nd5 55. Bg1 Bxa3 56. Bc5 Bc1 57. Bd6 Bd2 58. Kg3 Be1+ 59. Kf3 Bxh4
60. Nb8 Be7 61. Be5 Nxb4 62. Ba1 Ke6 63. Bc3 Bd6 64. Bxb4 Bxb4 65. Nc6 Bc3 0-1

[Event "Krefelder SK Turm 1 - SG Solingen 3"]
[Site "NRW-Liga - Gruppe 2 2021/2022"]
[Date "2021.11.28"]
[Round "2.2"]
[White "Terhuven, Patrick"]
[Black "Michalczak, Thomas"]
[Result "1/2-1/2"]
[WhiteElo "2195"]
[BlackElo "2193"]
[PlyCount "70"]
[EventDate "2021.??.??"]
[SourceVersionDate "2020.03.16"]
[WhiteTeam "Krefelder SK Turm 1"]
[BlackTeam "SG Solingen 3"]

1. Nf3 d5 2. g3 e6 3. Bg2 Nf6 4. O-O Be7 5. c4 O-O 6. d4 dxc4 7. Qa4 a6 8. Qxc4
b5 9. Qc2 Bb7 10. Bg5 Nbd7 11. Bxf6 Nxf6 12. Nbd2 Rc8 13. Nb3 c5 14. dxc5 Ne4
15. Rfd1 Qc7 16. Rac1 Nxc5 17. Nxc5 Bxc5 18. e3 Qe7 19. Ng5 g6 20. Bxb7 Qxb7
21. Qd3 Be7 22. Ne4 Rfd8 23. Qb1 Rxc1 24. Rxc1 f5 25. Nc3 Qf3 26. Rd1 Rxd1+ 27.
Qxd1 Qxd1+ 28. Nxd1 Kf7 29. f3 e5 30. e4 Bc5+ 31. Kf1 fxe4 32. fxe4 Bd4 33. Ke2
Kf6 34. b3 Kg5 35. h3 Kf6 1/2-1/2

[Event "Krefelder SK Turm 1 - SG Solingen 3"]
[Site "NRW-Liga - Gruppe 2 2021/2022"]
[Date "2021.11.28"]
[Round "2.3"]
[White "Asadzade, Idris"]
[Black "van der Valk, Niklas"]
[Result "1/2-1/2"]
[WhiteElo "2189"]
[BlackElo "2195"]
[PlyCount "206"]
[EventDate "2021.??.??"]
[SourceVersionDate "2020.03.16"]
[WhiteTeam "SG Solingen 3"]
[BlackTeam "Krefelder SK Turm 1"]

1. c4 c5 2. Nf3 Nc6 3. d4 cxd4 4. Nxd4 Nf6 5. Nc3 e6 6. a3 Be7 7. e4 d6 8. Be2
O-O 9. O-O Qc7 10. Be3 Bd7 11. Rc1 Nxd4 12. Qxd4 a6 13. b4 Rac8 14. f3 Rfd8 15.
Rfd1 Be8 16. a4 Qb8 17. a5 Nd7 18. f4 Bf8 19. h3 Be7 20. Bg4 Qc7 21. f5 Nf8 22.
Qd2 Qb8 23. Ne2 exf5 24. Bxf5 Bd7 25. Nf4 Bxf5 26. exf5 Bg5 27. Nd5 Bxe3+ 28.
Qxe3 Re8 29. Qg3 Kh8 30. f6 Ng6 31. Ne7 Rcd8 32. h4 gxf6 33. Nd5 Re6 34. Rf1
Qa7+ 35. Nb6 Rg8 36. Rce1 Ne5 37. Qc3 Qb8 38. c5 Qf8 39. Nd5 Qg7 40. Re2 dxc5
41. Nf4 Qg4 42. Rb2 Rd6 43. bxc5 Rd1 44. Rbf2 Rxf1+ 45. Kxf1 Qxh4 46. Qh3 Qg5
47. Ne2 Rd8 48. g3 Nc4 49. Nf4 Ne3+ 50. Ke2 Re8 51. Kf3 Qxc5 52. Qd7 Re7 53.
Qd8+ Kg7 54. g4 Qc6+ 55. Kg3 Qc7 56. Qxc7 Rxc7 57. Nh5+ Kf8 58. Nxf6 h6 59. Kh4
Rc6 60. Nd7+ Kg7 61. Ne5 Rc7 62. Re2 Nd5 63. Nf3 Nf6 64. Nd4 Rc4 65. Nf5+ Kh7
66. Re7 Rxg4+ 67. Kh3 Rf4 68. Nd6 Kg6 69. Nxf7 Nd5 70. Nh8+ Kg5 71. Rxb7 Ra4
72. Nf7+ Kg6 73. Ne5+ Kf5 74. Nc6 Rc4 75. Nb8 Rc5 76. Nxa6 Rxa5 77. Nc7 Nf4+
78. Kh2 Ra2+ 79. Kg3 Ra3+ 80. Kf2 Kg4 81. Nb5 Ra2+ 82. Ke3 Re2+ 83. Kd4 h5 84.
Nc3 Re8 85. Ne4 Rd8+ 86. Ke3 Rd3+ 87. Kf2 Rf3+ 88. Kg1 h4 89. Rg7+ Kf5 90. Nd2
Rd3 91. Nf1 Nh3+ 92. Kg2 Ng5 93. Rb7 Kf4 94. Rb2 h3+ 95. Kh2 Ne4 96. Rb8 Ng5
97. Rb4+ Kf3 98. Rb3 Rxb3 99. Nd2+ Kg4 100. Nxb3 Nf3+ 101. Kh1 Kg3 102. Nc1 Nd4
103. Ne2+ Nxe2 1/2-1/2

[Event "Krefelder SK Turm 1 - SG Solingen 3"]
[Site "NRW-Liga - Gruppe 2 2021/2022"]
[Date "2021.11.28"]
[Round "2.4"]
[White "Van Gool, Rudi"]
[Black "Wickenfeld, Stefan"]
[Result "1/2-1/2"]
[WhiteElo "2191"]
[BlackElo "2133"]
[PlyCount "110"]
[EventDate "2021.??.??"]
[SourceVersionDate "2020.03.16"]
[WhiteTeam "Krefelder SK Turm 1"]
[BlackTeam "SG Solingen 3"]

1. d4 g6 2. e4 Bg7 3. Nf3 d6 4. Bc4 Nf6 5. Qe2 c6 6. Bb3 e5 7. dxe5 dxe5 8. O-O
Qc7 9. a4 O-O 10. a5 Na6 11. Bg5 Nc5 12. Bxf6 Bxf6 13. Bc4 Be6 14. Nbd2 b5 15.
axb6 axb6 16. Nb3 Rxa1 17. Rxa1 Nxb3 18. Bxb3 Bxb3 19. cxb3 Rd8 20. Rd1 Kg7 21.
g3 Rxd1+ 22. Qxd1 Be7 23. Kg2 f6 24. Qd3 Bc5 25. h4 h5 26. Qd2 Qf7 27. Qd1 Qe6
28. Qd3 Kf7 29. Qc4 Ke7 30. Qd3 Qd6 31. Qc2 Bd4 32. Qd2 Qd8 33. Qh6 Qg8 34.
Nxd4 exd4 35. Qd2 c5 36. Qd3 Qa8 37. b4 f5 38. f3 fxe4 39. fxe4 Qa2 40. Qd2 Kd7
41. Qe2 Qb1 42. Qb5+ Kc7 43. Qe8 Qxb2+ 44. Kh3 cxb4 45. Qe5+ Kb7 46. Qd5+ Ka6
47. e5 Qe2 48. e6 d3 49. Qd7 Qg4+ 50. Kh2 Ka5 51. Qd5+ b5 52. Qa8+ Kb6 53. Qd8+
Kc5 54. e7 Qe2+ 55. Kh3 Qg4+ 1/2-1/2

[Event "Krefelder SK Turm 1 - SG Solingen 3"]
[Site "NRW-Liga - Gruppe 2 2021/2022"]
[Date "2021.11.28"]
[Round "2.5"]
[White "Kniest, Oliver"]
[Black "Guddat, Joachim"]
[Result "1-0"]
[WhiteElo "2178"]
[BlackElo "2081"]
[PlyCount "117"]
[EventDate "2021.??.??"]
[SourceVersionDate "2020.03.16"]
[WhiteTeam "SG Solingen 3"]
[BlackTeam "Krefelder SK Turm 1"]

1. d4 Nf6 2. c4 e6 3. Nc3 Bb4 4. Qc2 c5 5. dxc5 Na6 6. a3 Qa5 7. Bd2 Nxc5 8.
Rc1 Bxc3 9. Bxc3 Qa4 10. b4 Qxc2 11. Rxc2 Nce4 12. Bd4 b6 13. f3 Nd6 14. e4 Nb7
15. Bd3 d6 16. Ne2 e5 17. Bb2 Be6 18. O-O Nd7 19. Nc3 Ke7 20. Nd5+ Bxd5 21.
cxd5 Rhc8 22. Rfc1 Kd8 23. Ba6 Rxc2 24. Rxc2 Rc8 25. Rc6 Rc7 26. Bxb7 Rxb7 27.
Rxd6 f6 28. Rc6 b5 29. Kf2 Nb6 30. Bc1 Rc7 31. Rc5 a6 32. Ke2 Kd7 33. Kd3 Kd6
34. f4 Nc4 35. Rxc7 Kxc7 36. a4 Kd7 37. axb5 axb5 38. g3 h6 39. Ke2 h5 40. f5
Ke7 41. Kf3 Kf7 42. Be3 g5 43. fxg6+ Kxg6 44. h3 f5 45. exf5+ Kxf5 46. g4+
hxg4+ 47. hxg4+ Kf6 48. Bc5 Nd2+ 49. Ke3 Nf1+ 50. Ke2 Nh2 51. g5+ Kf5 52. g6
Ng4 53. g7 Nh6 54. Kf3 Ng8 55. d6 Ke6 56. Kg4 Nf6+ 57. Kg5 Kf7 58. g8=Q+ Nxg8
59. d7 1-0

[Event "Krefelder SK Turm 1 - SG Solingen 3"]
[Site "NRW-Liga - Gruppe 2 2021/2022"]
[Date "2021.11.28"]
[Round "2.6"]
[White "Neuer, Thomas"]
[Black "Borchert, Stephan"]
[Result "1/2-1/2"]
[WhiteElo "2101"]
[BlackElo "2106"]
[PlyCount "90"]
[EventDate "2021.??.??"]
[SourceVersionDate "2020.03.16"]
[WhiteTeam "Krefelder SK Turm 1"]
[BlackTeam "SG Solingen 3"]

1. Nf3 Nf6 2. g3 g6 3. b3 Bg7 4. Bb2 O-O 5. Bg2 d6 6. d4 Nbd7 7. O-O e5 8. dxe5
Ng4 9. Qd2 Re8 10. h3 Ngxe5 11. c4 Rb8 12. Nc3 a6 13. Nd4 Nb6 14. Rad1 Bd7 15.
Rfe1 Nc8 16. f4 Nc6 17. Nxc6 Bxc6 18. e4 Ne7 19. Nd5 Bxd5 20. Bxg7 Kxg7 21.
Qd4+ f6 22. cxd5 Ng8 23. Bf3 Nh6 24. g4 Nf7 25. g5 h5 26. Kh2 c5 27. Qb2 b5 28.
Rg1 Nh8 29. Rde1 Rb7 30. Re2 Rf7 31. h4 Kh7 32. f5 Re5 33. fxg6+ Nxg6 34. Bxh5
fxg5 35. Reg2 Rf4 36. Bxg6+ Kxg6 37. Rxg5+ Kh6 38. Rg6+ Kh7 39. Rg7+ Kh8 40.
R7g4 Qf6 41. R1g2 Kh7 42. Qc3 Rxg4 43. Rxg4 Qf2+ 44. Kh3 Qf1+ 45. Kg3 Qg1+
1/2-1/2

[Event "Krefelder SK Turm 1 - SG Solingen 3"]
[Site "NRW-Liga - Gruppe 2 2021/2022"]
[Date "2021.11.28"]
[Round "2.8"]
[White "Maes, Valery"]
[Black "Peschel, Andreas"]
[Result "1/2-1/2"]
[WhiteElo "2067"]
[BlackElo "2127"]
[PlyCount "35"]
[EventDate "2021.??.??"]
[SourceVersionDate "2020.03.16"]
[WhiteTeam "Krefelder SK Turm 1"]
[BlackTeam "SG Solingen 3"]

1. d4 d5 2. Nf3 Nf6 3. c4 c6 4. Qb3 e6 5. Nc3 dxc4 6. Qxc4 b5 7. Qd3 Be7 8. g3
b4 9. Ne4 Nbd7 10. Bg2 Qb6 11. O-O Bb7 12. Nxf6+ Nxf6 13. Bg5 Rd8 14. Qc2 h6
15. Bxf6 Bxf6 16. e3 O-O 17. Rac1 Rc8 18. Rfd1 1/2-1/2

[Event "Bielefelder SK 1 - Krefelder SK Turm 1"]
[Site "NRW-Liga - Gruppe 2 2021/2022"]
[Date "2021.12.12"]
[Round "3.1"]
[White "Gutkin, Ilya"]
[Black "Forchert, Martin"]
[Result "1-0"]
[WhiteElo "2237"]
[BlackElo "2269"]
[PlyCount "51"]
[EventDate "2021.??.??"]
[SourceVersionDate "2020.03.16"]
[WhiteTeam "Krefelder SK Turm 1"]
[BlackTeam "Bielefelder SK 1"]

1. Nf3 d5 2. g3 Nf6 3. Bg2 c6 4. O-O Bg4 5. c4 e6 6. h3 Bh5 7. cxd5 Bxf3 8.
Bxf3 cxd5 9. Nc3 Nc6 10. d3 Be7 11. e4 d4 12. Ne2 Nd7 13. Bg2 h5 14. b3 h4 15.
f4 e5 16. Bd2 hxg3 17. Nxg3 g6 18. f5 Qc7 19. b4 a6 20. Qb3 Nf6 21. a4 Kf8 22.
fxg6 fxg6 23. Rac1 Qd6 24. b5 axb5 25. axb5 Nd8 26. Rxf6+ 1-0

[Event "Bielefelder SK 1 - Krefelder SK Turm 1"]
[Site "NRW-Liga - Gruppe 2 2021/2022"]
[Date "2021.12.12"]
[Round "3.2"]
[White "Gruen, Gerd-Peter"]
[Black "Terhuven, Patrick"]
[Result "1/2-1/2"]
[WhiteElo "2202"]
[BlackElo "2195"]
[PlyCount "108"]
[EventDate "2021.??.??"]
[SourceVersionDate "2020.03.16"]
[WhiteTeam "Bielefelder SK 1"]
[BlackTeam "Krefelder SK Turm 1"]

1. d4 d5 2. Nf3 Nf6 3. c4 e6 4. g3 Bb4+ 5. Bd2 Be7 6. Bg2 O-O 7. O-O c6 8. Qc2
Nbd7 9. Rd1 b6 10. b3 Bb7 11. Nc3 Rc8 12. e4 dxe4 13. Nxe4 c5 14. Nxf6+ Nxf6
15. dxc5 Bxc5 16. Bc3 Be4 17. Qe2 Bxf3 18. Bxf3 Qe7 19. Rd3 Rfd8 20. Rad1 Rxd3
21. Qxd3 a5 22. Kg2 h6 23. h4 Qc7 24. Bb2 Be7 25. Qe2 Rd8 26. Rd3 Rxd3 27. Qxd3
Nd7 28. Qe4 Bf6 29. Qa8+ Qb8 30. Bxf6 Qxa8 31. Bxa8 Nxf6 32. Kf3 Kf8 33. Ke3
Ke7 34. Bf3 Kd6 35. Kd4 g5 36. hxg5 hxg5 37. a3 Nd7 38. b4 f5 39. Bd1 axb4 40.
axb4 e5+ 41. Kc3 Nf6 42. Bc2 f4 43. gxf4 gxf4 44. Bf5 e4 45. Kd4 e3 46. fxe3
fxe3 47. Kxe3 Ke5 48. Bg6 b5 49. cxb5 Nd5+ 50. Kd3 Nb6 51. Bf7 Kd6 52. Kd4 Kc7
53. Bg8 Na4 54. Bb3 Nb6 1/2-1/2

[Event "Bielefelder SK 1 - Krefelder SK Turm 1"]
[Site "NRW-Liga - Gruppe 2 2021/2022"]
[Date "2021.12.12"]
[Round "3.3"]
[White "van der Valk, Niklas"]
[Black "Beilfuß, Wilfried"]
[Result "1/2-1/2"]
[WhiteElo "2195"]
[BlackElo "2137"]
[PlyCount "46"]
[EventDate "2021.??.??"]
[SourceVersionDate "2020.03.16"]
[WhiteTeam "Krefelder SK Turm 1"]
[BlackTeam "Bielefelder SK 1"]

1. c4 Nf6 2. Nc3 c5 3. Nf3 e6 4. g3 b6 5. Bg2 Bb7 6. O-O Be7 7. d4 cxd4 8. Qxd4
O-O 9. Rd1 Qc8 10. Bf4 Rd8 11. Rac1 d6 12. Qd2 a6 13. Na4 Qc7 14. Qb4 e5 15.
Be3 Nbd7 16. Nc3 Nc5 17. Nd5 Nxd5 18. cxd5 a5 19. Qe1 Rdc8 20. Nd2 Ba6 21. f4
exf4 22. Bxf4 Qd7 23. b3 Re8 1/2-1/2

[Event "Bielefelder SK 1 - Krefelder SK Turm 1"]
[Site "NRW-Liga - Gruppe 2 2021/2022"]
[Date "2021.12.12"]
[Round "3.4"]
[White "Simon, Hans-Christian"]
[Black "Guddat, Joachim"]
[Result "1/2-1/2"]
[WhiteElo "2134"]
[BlackElo "2081"]
[PlyCount "147"]
[EventDate "2021.??.??"]
[SourceVersionDate "2020.03.16"]
[WhiteTeam "Bielefelder SK 1"]
[BlackTeam "Krefelder SK Turm 1"]

1. Nf3 Nf6 2. c4 g6 3. Nc3 Bg7 4. g3 O-O 5. Bg2 c5 6. d4 cxd4 7. Nxd4 Nc6 8.
O-O a6 9. c5 e5 10. Nb3 h6 11. Na4 Re8 12. Nb6 Rb8 13. Nc4 Qe7 14. h3 Qe6 15.
Nd6 Re7 16. Be3 Ne8 17. Nxe8 Rxe8 18. Qd2 Kh7 19. Rfd1 Ne7 20. Qd6 Qxd6 21.
cxd6 Nc6 22. Bd5 f5 23. a3 e4 24. Rd2 Rf8 25. Rc1 Be5 26. Bf4 Bxf4 27. gxf4 Kg7
28. h4 Rf6 29. Bxc6 bxc6 30. Na5 g5 31. hxg5 hxg5 32. fxg5 Rg6 33. f4 exf3 34.
exf3 Rxg5+ 35. Kf2 f4 36. b4 Kf6 37. Rc4 Rf5 38. Nb3 a5 39. Nxa5 Ba6 40. Rc5
Rxc5 41. bxc5 Rb5 42. Nxc6 Rxc5 43. Nb4 Bb7 44. Rd3 Rc1 45. Rd4 Ra1 46. Rxf4+
Ke5 47. Nd3+ Kxd6 48. Rd4+ Kc7 49. Ne5 Ra2+ 50. Kg3 Rxa3 51. Rxd7+ Kc8 52. Rg7
Rc3 53. Kg4 Bxf3+ 54. Nxf3 Rc7 55. Rg6 Kb7 56. Kf4 Re7 57. Ne5 Rh7 58. Ke4 Rh4+
59. Kd5 Rh7 60. Kc5 Kc7 61. Rc6+ Kb7 62. Rb6+ Kc7 63. Ra6 Kb7 64. Re6 Kc7 65.
Kd5 Rg7 66. Rc6+ Kb7 67. Rc1 Rh7 68. Rc2 Rg7 69. Kd6 Rh7 70. Rb2+ Ka7 71. Nc4
Ka6 72. Kc6 Rh6+ 73. Nd6 Ka5 74. Kc5 1/2-1/2

[Event "Bielefelder SK 1 - Krefelder SK Turm 1"]
[Site "NRW-Liga - Gruppe 2 2021/2022"]
[Date "2021.12.12"]
[Round "3.5"]
[White "Dorner, Matthias"]
[Black "Goeßling, Guido"]
[Result "1/2-1/2"]
[WhiteElo "2094"]
[BlackElo "2121"]
[PlyCount "43"]
[EventDate "2021.??.??"]
[SourceVersionDate "2020.03.16"]
[WhiteTeam "Krefelder SK Turm 1"]
[BlackTeam "Bielefelder SK 1"]

1. d4 d5 2. c3 Nf6 3. Bf4 c5 4. e3 Nc6 5. Nd2 cxd4 6. exd4 Bf5 7. Qb3 Qd7 8.
Ngf3 a6 9. Be2 e6 10. O-O Be7 11. Ne5 Nxe5 12. Bxe5 O-O 13. c4 Ne4 14. Nf3 dxc4
15. Bxc4 Nd6 16. Bxd6 Qxd6 17. Bd3 Bxd3 18. Qxd3 Rac8 19. Qb3 Qb4 20. Qxb4 Bxb4
21. Rfc1 Rfd8 22. Kf1 1/2-1/2

[Event "Bielefelder SK 1 - Krefelder SK Turm 1"]
[Site "NRW-Liga - Gruppe 2 2021/2022"]
[Date "2021.12.12"]
[Round "3.6"]
[White "Roemhild, Marcus"]
[Black "Maes, Valery"]
[Result "1/2-1/2"]
[WhiteElo "2031"]
[BlackElo "2067"]
[PlyCount "84"]
[EventDate "2021.??.??"]
[SourceVersionDate "2020.03.16"]
[WhiteTeam "Bielefelder SK 1"]
[BlackTeam "Krefelder SK Turm 1"]

1. c4 e6 2. Nc3 d5 3. e3 Nf6 4. Nf3 c5 5. cxd5 Nxd5 6. Bc4 Nc6 7. O-O Be7 8. d4
cxd4 9. exd4 O-O 10. Re1 Nxc3 11. bxc3 Bf6 12. Bd3 g6 13. Bh6 Re8 14. Qd2 Bd7
15. Qf4 Bg7 16. h4 Qf6 17. Qd2 Bxh6 18. Qxh6 Qg7 19. Qf4 f6 20. Qc7 Nd8 21. c4
Rc8 22. Qa5 Nc6 23. Qd2 b6 24. Rac1 e5 25. dxe5 Nxe5 26. Nxe5 fxe5 27. Be4 Bf5
28. Bd5+ Kh8 29. Qe3 Qf6 30. g3 Kg7 31. c5 bxc5 32. Rxc5 Rxc5 33. Qxc5 Re7 34.
a4 e4 35. Qc4 Qe5 36. f4 Qb2 37. Qc5 Rd7 38. Bc4 Qd2 39. Re2 Qd1+ 40. Kf2 Qd4+
41. Qxd4+ Rxd4 42. Bb5 a6 1/2-1/2

[Event "Bielefelder SK 1 - Krefelder SK Turm 1"]
[Site "NRW-Liga - Gruppe 2 2021/2022"]
[Date "2021.12.12"]
[Round "3.7"]
[White "Reuter, Julian-Frank"]
[Black "Danielmeier, Ralf"]
[Result "1-0"]
[WhiteElo "1902"]
[BlackElo "2053"]
[PlyCount "85"]
[EventDate "2021.??.??"]
[SourceVersionDate "2020.03.16"]
[WhiteTeam "Krefelder SK Turm 1"]
[BlackTeam "Bielefelder SK 1"]

1. d4 Nf6 2. Nf3 g6 3. g3 Bg7 4. Bg2 d5 5. O-O c6 6. c4 dxc4 7. Ne5 Ng4 8. Nf3
b5 9. a4 Bb7 10. e4 O-O 11. b3 cxb3 12. Qxb3 a6 13. Rd1 Nf6 14. Nc3 e6 15. Ba3
Re8 16. e5 Nd5 17. Ne4 Bf8 18. Bxf8 Rxf8 19. Nd6 Qb6 20. Ng5 Qc7 21. Rdc1 Nd7
22. Bxd5 exd5 23. Qxd5 Nb6 24. Qb3 Rad8 25. axb5 axb5 26. Nge4 Qb8 27. Qe3 Nd5
28. Qh6 f6 29. Nc5 Bc8 30. Ra5 fxe5 31. dxe5 b4 32. Rca1 Rxd6 33. exd6 Qxd6 34.
Ra7 Ne7 35. Ne4 Qe5 36. Ng5 Qg7 37. Qxg7+ Kxg7 38. Rxe7+ Kf6 39. Nxh7+ Kxe7 40.
Nxf8 Kxf8 41. Ra8 Ke7 42. Rxc8 Kd6 43. Kf1 1-0

[Event "Bielefelder SK 1 - Krefelder SK Turm 1"]
[Site "NRW-Liga - Gruppe 2 2021/2022"]
[Date "2021.12.12"]
[Round "3.8"]
[White "Doering, Carsten"]
[Black "Komans, Dieter"]
[Result "1/2-1/2"]
[WhiteElo "1979"]
[BlackElo "1989"]
[PlyCount "101"]
[EventDate "2021.??.??"]
[SourceVersionDate "2020.03.16"]
[WhiteTeam "Bielefelder SK 1"]
[BlackTeam "Krefelder SK Turm 1"]

1. d4 Nf6 2. c4 g6 3. Nc3 Bg7 4. e4 d6 5. f3 O-O 6. Bg5 c5 7. d5 e6 8. Qd2 exd5
9. cxd5 Re8 10. Nge2 b5 11. Nxb5 a6 12. Nbc3 Nbd7 13. Ng3 Rb8 14. Be2 Rb4 15.
a3 Rd4 16. Qc2 Re5 17. Be3 Nh5 18. Bxd4 cxd4 19. Nxh5 Rxh5 20. Nd1 Nc5 21. Nf2
Qg5 22. g3 Qe3 23. Nd1 Qh6 24. Bc4 Bd7 25. Qd2 g5 26. b4 Be5 27. bxc5 Bxg3+ 28.
hxg3 Rxh1+ 29. Ke2 dxc5 30. Rc1 Qf6 31. Nf2 Rh2 32. Rg1 Bg4 33. Qd3 Qb6 34. Rb1
Qf6 35. Rf1 Bh5 36. Qb3 Qe5 37. Ke1 Qxg3 38. d6 Qxd6 39. Rg1 Qf4 40. Be2 Kg7
41. Qd5 h6 42. Qxc5 Bxf3 43. Qxd4+ Kh7 44. Bxf3 Qxf3 45. Qc5 Qb3 46. Qf5+ Kg8
47. Rxg5+ hxg5 48. Qxg5+ Kh7 49. Qf5+ Kg8 50. Qg5+ Kh7 51. Qf5+ 1/2-1/2